000 01838nam a2200325 4500
003 EC-UNACH
005 20251017135451.0
006 s||||gr|||| 00| 00
008 150116t9999 mx r gr 000 0 spa d
020 _a9974-7713-5-8
040 _aEC-UNACH
_cEC-UNACH
041 _aspa
082 0 4 _223
_a611
_bL000236
110 _aArquetipo Grupo Editorial
245 _aAtlas visual del cuerpo humano
250 _aNo registra en el libro
264 _a Bogotá - Colombia
_bArquetipo Grupo Editorial
_c2009
300 _a64 páginas
_bIlustraciones
_c28 x 39 cm
505 _aUN ORGANISMO COMPLEJO. -- LA CÉLULA. -- LOS TEJIDOS. -- LOS HUESOS: Visión frontal del esqueleto. Las articulaciones. Visión dorsal del esqueleto. Visión frontal del tórax y la pelvis. Las vértebras. La columna vertebral. Visión lateral del cráneo y de la cara. Visión interior del cráneo. -- LOS MÚSCULOS: Visión anterior o frontal. Visión posterior o dorsal. -- EL SISTEMA NERVIOSO: Tronco encefálico y pares craneales. Sistema nervioso central y periférico. -- EL SISTEMA CIRCULATORIO. -- EL SISTEMA LINFÁTICO. -- EL SISTEMA ENDOCRINO. -- EL SISTEMA RESPIRATORIO. -- EL SISTEMA DIGESTIVO: La boca y los dientes. -- EL SISTEMA EXCRETOR. -- EL SISTEMA REPRODUCTOR MASCULINO. -- EL SISTEMA REPRODUCTOR FEMENINO. -- LA GESTACIÓN: Primeros tres meses. Noveno mes de embarazo. La secuencia del parto. -- LOS SENTIDOS: El olfato. El gusto. El tacto. La vista. El oído. -- APÉNDICE. -- GLOSARIO.
650 _aLOS MÚSCULOS
650 _aLA CÉLULA
650 _aEL SISTEMA ENDOCRINO
650 _aAPÉNDICE
700 _aGhiglioni, Martha Lucia
942 _c1
_2ddc
999 _c14027